Peace : (Record no. 16378)

000 -LEADER
fixed length control field 01558cam a2200385 a 4500
001 - CONTROL NUMBER
control field 15124745
005 - DATE AND TIME OF LATEST TRANSACTION
control field 20170105102938.0
008 - FIXED-LENGTH DATA ELEMENTS--GENERAL INFORMATION
fixed length control field 071231s2008 enka b 001 0 eng
010 ## - LIBRARY OF CONGRESS CONTROL NUMBER
LC control number 2007052881
015 ## - NATIONAL BIBLIOGRAPHY NUMBER
National bibliography number GBA825135
Source bnb
016 7# - NATIONAL BIBLIOGRAPHIC AGENCY CONTROL NUMBER
Record control number 014536962
Source Uk
020 ## - INTERNATIONAL STANDARD BOOK NUMBER
International Standard Book Number 0521854024 (hbk.)
020 ## - INTERNATIONAL STANDARD BOOK NUMBER
International Standard Book Number 9780521854023 (hbk.)
020 ## - INTERNATIONAL STANDARD BOOK NUMBER
International Standard Book Number 0521670004 (pbk.)
020 ## - INTERNATIONAL STANDARD BOOK NUMBER
International Standard Book Number 9780521670005 (pbk.)
035 ## - SYSTEM CONTROL NUMBER
System control number (OCoLC)ocn182656736
035 ## - SYSTEM CONTROL NUMBER
System control number (OCoLC)182656736
Canceled/invalid control number (OCoLC)182656737
040 ## - CATALOGING SOURCE
Original cataloging agency DLC
Transcribing agency DLC
Modifying agency YDXCP
-- BAKER
-- BTCTA
-- UKM
-- BWKUK
-- BWK
-- BWX
-- DLC
050 00 - LIBRARY OF CONGRESS CALL NUMBER
Classification number JZ5560
Item number .C67 2008
082 00 - DEWEY DECIMAL CLASSIFICATION NUMBER
Classification number 303.66
Edition number 22
Author Mark COR 2008
100 1# - MAIN ENTRY--PERSONAL NAME
Personal name Cortright, David,
Dates associated with a name 1946-
245 10 - TITLE STATEMENT
Title Peace :
Remainder of title a history of movements and ideas /
Statement of responsibility, etc. David Cortright.
260 ## - PUBLICATION, DISTRIBUTION, ETC.
Place of publication, distribution, etc. Cambridge, UK ;
-- New York :
Name of publisher, distributor, etc. Cambridge University Press,
Date of publication, distribution, etc. 2008.
300 ## - PHYSICAL DESCRIPTION
Extent xii, 376 p. :
Other physical details ill. ;
Dimensions 24cm.
504 ## - BIBLIOGRAPHY, ETC. NOTE
Bibliography, etc. note Includes bibliographical references (p. 340-354) and index.
650 #0 - SUBJECT ADDED ENTRY--TOPICAL TERM
Topical term or geographic name entry element Peace.
650 #0 - SUBJECT ADDED ENTRY--TOPICAL TERM
Topical term or geographic name entry element International relations.
650 #0 - SUBJECT ADDED ENTRY--TOPICAL TERM
Topical term or geographic name entry element Conflict management.
856 42 - ELECTRONIC LOCATION AND ACCESS
Materials specified Contributor biographical information
Uniform Resource Identifier <a href="http://www.loc.gov/catdir/enhancements/fy0808/2007052881-b.html">http://www.loc.gov/catdir/enhancements/fy0808/2007052881-b.html</a>
856 42 - ELECTRONIC LOCATION AND ACCESS
Materials specified Publisher description
Uniform Resource Identifier <a href="http://www.loc.gov/catdir/enhancements/fy0808/2007052881-d.html">http://www.loc.gov/catdir/enhancements/fy0808/2007052881-d.html</a>
856 41 - ELECTRONIC LOCATION AND ACCESS
Materials specified Table of contents only
Uniform Resource Identifier <a href="http://www.loc.gov/catdir/enhancements/fy0808/2007052881-t.html">http://www.loc.gov/catdir/enhancements/fy0808/2007052881-t.html</a>
906 ## - LOCAL DATA ELEMENT F, LDF (RLIN)
a 7
b cbc
c orignew
d 1
e ecip
f 20
g y-gencatlg
942 ## - ADDED ENTRY ELEMENTS (KOHA)
Source of classification or shelving scheme
Koha item type Book
Holdings
Withdrawn status Lost status Damaged status Not for loan Collection code Permanent Location Current Location Shelving location Date acquired Total Checkouts Full call number Barcode Date last seen Price effective from Koha item type
          Centre for International Peace & Stability (CIPS) Centre for International Peace & Stability (CIPS) General Stacks 04/07/2016   303.66 COR 2008 CIPS0002691 04/07/2016 04/07/2016 Book
© 2023 Central Library, National University of Sciences and Technology. All Rights Reserved.